| 000 | 00670nam a2200217 a 4500 | ||
|---|---|---|---|
| 005 | 20250617063820.0 | ||
| 008 | 050214s2004 mx 000 0 spa d | ||
| 020 | _a9688385727 | ||
| 035 | _aUPN01000138494 | ||
| 049 | _aF | ||
| 050 | 4 |
_aHC140 P6 _bT6.2 |
|
| 100 | 1 | _aTorre, Rodolfo de la | |
| 245 | 1 | 0 |
_aAnálisis e implicaciones de la Ley General de Desarrollo Social / _cRodolfo de la Torre. |
| 260 |
_aMéxico : _bSEDESOL, _c2004. |
||
| 300 | _a26 p. | ||
| 440 | 0 |
_aCuadernos de desarrollo humano ; _v16 |
|
| 650 | 0 |
_aPobreza _zMéxico _91688 |
|
| 650 | 4 |
_aDesarrollo económico _zMéxico _912453 |
|
| 651 | 4 |
_aMéxico _xPolítica social _96687 |
|
| 905 | _aLibro | ||
| 999 |
_c110642 _d110642 |
||